Disney Channel Original Movies Quiz - Statistics

General Stats
  • This quiz has been taken 508 times
  • The average score is 8 of 15
Answer Stats
Year Desription Answer % Correct
2011 A band is formed, by a few students who meet in detention, and they become famous by blocking out all their haters Lemonade Mouth
80%
2013 A couple somehow manage to trap themselves in the set of their favourite movie which is located on a beach Teen Beach Movie
80%
2015 The children of evil disney villains travel to the land of Auradon where they are given the task of stealing the Fairy Godmother's wand. Descendants
79%
2009 A princess from a land called Costa Luna must stay in a normal American neighbourhood and go to school. Princess Protection Program
73%
2010 A stubborn teenage girl travels to California and meets a musical sensation who she befriends after previously despising him. Starstruck
69%
1998 Two siblings follow their Grandma into a mystical place where witches,vampires and monsters all live in peace. Halloweentown
64%
2005 On their 21st birthday, two twins are reunited and discover that they have supernatural powers when together. Twitches
63%
2014 Two gifted girls hack into the Pentagon and create themselves an android boyfriend. How to Build a Better Boy
52%
2011 A boy at the bottom of the social hierachy must do a project on the "queen bee" of the school who he then falls in love with. Geek Charming
49%
2012 A musically talented boy writes an amazing song however, his friend gets the credit for it and becomes famous. Let it Shine
48%
2016 Two teenagers, with completely different lives, switch bodies through a text and they must switch back quickly or they'll be stuck in each others body forever. The Swap
33%
2006 A normal stuck up teenage girl finds out that she is the chosen one and must fight an evil spirit, Wendy Wu: Homecoming Warrior
33%
2008 Three best friends in high school travel back in time through a black hole and save their town from being sucked into the hole. Minutemen
31%
2003 A gifted boy learns about a cooking competition which he wants to enter despite everyone making fun of him. Eddie's Million Dollar Cook-off
18%
2000 A teenage boy tries to save his superhero parents from a criminal mastermind even though he has no superpowers. Up Up and Away
14%
No matching quizzes found
Score Distribution
Percent of People with Each Score
Percentile by Number Answered
Your Score History
You have not taken this quiz